000 00560nam a22001697a 4500
008 160716b xxu||||| |||| 00| 0 eng d
020 _a9-81265216-7
082 _22005
_aDC 610.7361
_bCo73d
100 _911529
_aComer, Sheree
245 _aDelmar's critical care:
_bnursing care plans/
_cSheree Comer.
250 _a2nd edition
260 _aAustralia:
_bThomson Delmar Learning,
_cc2005.
300 _axiv, 417 pages;
_c25 cm.
500 _aIncludes bibliographical references and index.
650 0 _911530
_aIntensive care nursing
942 _2ddc
_cDC
999 _c3454
_d3454